Field guide to the small mammals of Pakistan / (Record no. 531674)
[ view plain ]
| 000 -LEADER | |
|---|---|
| fixed length control field | 00706cam a22002177a 4500 |
| 001 - CONTROL NUMBER | |
| control field | 14433273 |
| 005 - DATE AND TIME OF LATEST TRANSACTION | |
| control field | 20191023114640.0 |
| 008 - FIXED-LENGTH DATA ELEMENTS--GENERAL INFORMATION | |
| fixed length control field | 060630s2005 enka b 001 0 eng c |
| 010 ## - LIBRARY OF CONGRESS CONTROL NUMBER | |
| LC control number | 2006332669 |
| 020 ## - INTERNATIONAL STANDARD BOOK NUMBER | |
| International Standard Book Number | 0195795652 |
| 020 ## - INTERNATIONAL STANDARD BOOK NUMBER | |
| International Standard Book Number | 9780195795653 |
| 040 ## - CATALOGING SOURCE | |
| Transcribing agency | DLC |
| 082 ## - DEWEY DECIMAL CLASSIFICATION NUMBER | |
| Classification number | 599.095491 |
| Author Mark | ROB |
| 100 1# - MAIN ENTRY--PERSONAL NAME | |
| Personal name | Roberts, T. J. |
| Fuller form of name | (Tom J.) |
| 9 (RLIN) | 24620 |
| 245 10 - TITLE STATEMENT | |
| Title | Field guide to the small mammals of Pakistan / |
| Statement of responsibility, etc. | T. J. Roberts. |
| 260 ## - PUBLICATION, DISTRIBUTION, ETC. | |
| Place of publication, distribution, etc. | Karachi : |
| Name of publisher, distributor, etc. | Oxford University Press, |
| Date of publication, distribution, etc. | 2005. |
| 300 ## - PHYSICAL DESCRIPTION | |
| Extent | xxiii, 280 p. : |
| Other physical details | ill. (some col.), maps ; |
| Dimensions | 18 cm. |
| 504 ## - BIBLIOGRAPHY, ETC. NOTE | |
| Bibliography, etc. note | Includes bibliographical references (p. [273]) and index. |
| 650 #0 - SUBJECT ADDED ENTRY--TOPICAL TERM | |
| Topical term or geographic name entry element | Mammals |
| Geographic subdivision | Pakistan |
| General subdivision | Identification. |
| 9 (RLIN) | 24621 |
| 942 ## - ADDED ENTRY ELEMENTS (KOHA) | |
| Source of classification or shelving scheme | |
| Koha item type | Book |
| Withdrawn status | Lost status | Source of classification or shelving scheme | Damaged status | Not for loan | Permanent Location | Current Location | Date acquired | Total Checkouts | Full call number | Barcode | Date last seen | Date last checked out | Price effective from | Koha item type |
|---|---|---|---|---|---|---|---|---|---|---|---|---|---|---|
| School of Civil and Environmental Engineering (SCEE) | School of Civil and Environmental Engineering (SCEE) | 10/23/2019 | 1 | 599.095491 ROB | NIT-7850 | 11/12/2019 | 10/23/2019 | 10/23/2019 | Book |
